|
|
|
|
| LEADER |
02409nam a2200625 i 4500 |
| 001 |
nkc20213378945 |
| 003 |
CZ PrNK |
| 005 |
20240119132127.0 |
| 007 |
ta |
| 008 |
211213s2021 xr a e p 000 0 cze |
| 015 |
|
|
|a cnb003378945
|
| 020 |
|
|
|a 978-80-7582-430-1
|q (brožováno) :
|c Kč 138,00
|
| 035 |
|
|
|a (OCoLC)1310111842
|
| 040 |
|
|
|a BOA001
|b cze
|d ABA001
|e rda
|
| 043 |
|
|
|a e-xr---
|
| 072 |
|
7 |
|a 355/359
|x Vojenství. Obrana země. Ozbrojené síly
|2 Konspekt
|9 15
|
| 072 |
|
7 |
|a 37.016
|x Učební osnovy. Vyučovací předměty. Učebnice
|2 Konspekt
|9 22
|
| 080 |
|
|
|a 356/358
|2 MRF
|
| 080 |
|
|
|a 355.42
|2 MRF
|
| 080 |
|
|
|a 355.422
|2 MRF
|
| 080 |
|
|
|a 355.31
|2 MRF
|
| 080 |
|
|
|a (437.3)
|2 MRF
|
| 080 |
|
|
|a (075.8)
|2 MRF
|
| 100 |
1 |
|
|a Hrdinka, Jan,
|d 1982-
|7 mzk20241213872
|4 aut
|
| 245 |
1 |
0 |
|a Taktika bojových jednotek I :
|b album schémat : studijní pomůcka /
|c Jan Hrdinka, Marek Ambrož
|
| 250 |
|
|
|a Vydání: první
|
| 264 |
|
1 |
|a Brno :
|b Univerzita obrany,
|c 2021
|
| 300 |
|
|
|a 54 stran :
|b barevné ilustrace ;
|c 30 cm
|
| 336 |
|
|
|a text
|b txt
|2 rdacontent
|
| 336 |
|
|
|a statický obraz
|b sti
|2 rdacontent
|
| 337 |
|
|
|a bez média
|b n
|2 rdamedia
|
| 338 |
|
|
|a svazek
|b nc
|2 rdacarrier
|
| 500 |
|
|
|a Nad názvem: Univerzita obrany v Brně, Fakulta vojenského leadershipu
|
| 500 |
|
|
|a Na obálce označení: S-9079/1
|
| 500 |
|
|
|a 50 výtisků
|
| 504 |
|
|
|a Obsahuje bibliografii
|
| 610 |
1 |
7 |
|a Česko.
|b Armáda.
|b Pozemní síly
|7 ko20010092604
|2 czenas
|
| 650 |
0 |
7 |
|a pozemní vojsko
|7 ph124472
|z Česko
|2 czenas
|
| 650 |
0 |
7 |
|a vojenská taktika
|7 ph162447
|2 czenas
|
| 650 |
0 |
7 |
|a bojové operace
|7 ph137689
|2 czenas
|
| 650 |
0 |
7 |
|a vojenské jednotky
|7 ph871009
|2 czenas
|
| 650 |
0 |
9 |
|a land forces
|z Czechia
|2 eczenas
|
| 650 |
0 |
9 |
|a military tactics
|2 eczenas
|
| 650 |
0 |
9 |
|a war operations
|2 eczenas
|
| 650 |
0 |
9 |
|a military units
|2 eczenas
|
| 655 |
|
7 |
|a učebnice vysokých škol
|7 fd133772
|2 czenas
|
| 655 |
|
9 |
|a textbooks (higher)
|2 eczenas
|
| 700 |
1 |
|
|a Ambrož, Marek
|7 jo20231179007
|4 aut
|
| 710 |
2 |
|
|a Univerzita obrany.
|b Fakulta vojenského leadershipu
|7 mzk2014850241
|4 isb
|
| 910 |
2 |
|
|a BOA001
|b 4-1478.655
|
| 990 |
|
|
|a BK
|
| 995 |
|
|
|a 01
|
| 991 |
|
|
|b 202201
|c NOV
|
| 996 |
6 |
|
|b 2610890398
|c 4-1478.655
|l MZK
|r Sklad / do 1 hodiny
|n 1
|p p.v.
|w 001873599
|u 000010
|a 1
|e BOA001
|j MZK50
|s P
|
| 996 |
7 |
|
|b 2610890399
|c 4-1478.655
|l MZK
|r Sklad / do 1 hodiny
|n 0
|p p.v.
|w 001873599
|u 000020
|a 1
|e BOA001
|j MZK50
|s A
|